[Event "POL-ch Academic (Women)"]
[Site "Katowice"]
[Date "2020.11.14"]
[Round "9"]
[White "Tarnowska, Aleksandra"]
[Black "Fraczek, Weronika"]
[Result "0-1"]
[WhiteElo "1841"]
[BlackElo "1867"]
[PlyCount "70"]
[EventDate "2020.11.13"]
[EventType "swiss (rapid)"]
[EventRounds "9"]
[EventCountry "POL"]
[SourceTitle "CBM 199 Extra"]
[Source "ChessBase"]
[SourceDate "2021.01.31"]
[SourceVersion "1"]
[SourceVersionDate "2021.01.31"]
[SourceQuality "1"]

1. e4 c5 2. Nc3 e6 3. g3 Nc6 4. Bg2 d6 5. d3 Be7 6. Nge2 h5 7. h4 Nf6 8. f4 Rb8 9. 0-0 g6 10. Kh1 Ng4 11. Bh3 b5 12. Ng1 b4 13. Nce2 d5 14. Kg2 Nf6 15. e5 Nd7 16. Nf3 d4 17. Qe1 Bb7 18. Kh2 Nb6 19. Qf2 Nd5 20. Bd2 a5 21. Rae1 Qb6 22. Ng5 a4 23. Ng1 b3 24. axb3 axb3 25. cxb3 Qxb3 26. N1f3 Qxd3 27. Nxf7 Kxf7 28. Ng5+ Ke8 29. Bxe6 Nd8 30. Bh3 Rf8 31. e6 Nf6 32. Re5 Ng4+ 33. Bxg4 hxg4 34. Rfe1 Bf6 35. R5e2 Bxg5 0-1

[Event "POL-ch Academic (Women)"]
[Site "Katowice"]
[Date "2020.11.13"]
[Round "2"]
[White "Fraczek, Weronika"]
[Black "Mazur, Anna"]
[Result "1-0"]
[WhiteElo "1867"]
[BlackElo "1731"]
[PlyCount "145"]
[EventDate "2020.11.13"]
[EventType "swiss (rapid)"]
[EventRounds "9"]
[EventCountry "POL"]
[SourceTitle "CBM 199 Extra"]
[Source "ChessBase"]
[SourceDate "2021.01.31"]
[SourceVersion "1"]
[SourceVersionDate "2021.01.31"]
[SourceQuality "1"]

1. e4 c5 2. Nf3 e6 3. d4 cxd4 4. Nxd4 a6 5. c4 Qc7 6. Nc3 Nf6 7. Be2 Be7 8. 0-0 0-0 9. f4 d6 10. Be3 Nbd7 11. b3 b6 12. f5 e5 13. Nc2 Bb7 14. Nd5 Bxd5 15. exd5 Rac8 16. Nb4 Nc5 17. Nc6 Nce4 18. Nxe7+ Qxe7 19. Bxb6 Qb7 20. Be3 Nc3 21. Qd3 Nxe2+ 22. Qxe2 a5 23. Bg5 Qb6+ 24. Kh1 Nd7 25. f6 g6 26. Qg4 Rfd8 27. Qh4 h5 28. Rad1 Kh7 29. g4 Rh8 30. gxh5 Kg8 31. Qg4 Rxh5 32. Qxd7 Rd8 33. Qg4 a4 34. Rf3 a3 35. Be3 Qb8 36. Rg1 Kf8 37. Rh3 Rxh3 38. Qxh3 Ke8 39. Qg4 Qb4 40. Qe2 Qc3 41. Rg3 Qa1+ 42. Bg1 Qb2 43. Rg2 Qc3 44. Qd2 Qxd2 45. Rxd2 Kd7 46. Be3 Rh8 47. Rg2 Kc7 48. Kg1 Rh5 49. Kf2 Rf5+ 50. Ke2 Rxf6 51. Bc1 Rf5 52. Bxa3 Rh5 53. Bc1 Rh3 54. Rf2 f5 55. Bg5 f4 56. Kd2 Kb6 57. Kc2 Kc5 58. Be7 f3 59. Kd3 Rh7 60. b4+ Kxb4 61. Bxd6+ Ka4 62. Bxe5 Rf7 63. d6 Kb4 64. Kd4 g5 65. Rb2+ Ka5 66. Bg3 g4 67. Kd5 Rf5+ 68. Kc6 Rf7 69. Rb5+ Ka4 70. Rb7 Rf8 71. d7 Rf6+ 72. Kc7 Rf7 73. Kc8 1-0

[Event "POL-chT 2nd League"]
[Site "Poronin"]
[Date "2020.09.11"]
[Round "7.16"]
[White "Kostecka, Marika"]
[Black "Fraczek, Weronika"]
[Result "1/2-1/2"]
[WhiteElo "1917"]
[BlackElo "1882"]
[PlyCount "71"]
[EventDate "2020.09.05"]
[EventType "team-swiss"]
[EventRounds "9"]
[EventCountry "POL"]
[SourceTitle "CBM 198 Extra"]
[Source "ChessBase"]
[SourceDate "2020.11.30"]
[SourceVersion "1"]
[SourceVersionDate "2020.11.30"]
[SourceQuality "1"]
[WhiteTeam "Lipno Steszew"]
[BlackTeam "Lublin LKSz"]
[WhiteTeamCountry "POL"]
[BlackTeamCountry "POL"]

1. e4 c5 2. Nf3 e6 3. d4 cxd4 4. Nxd4 a6 5. Bd3 Nc6 6. Nxc6 dxc6 7. 0-0 e5 8. Qh5 Qc7 9. f4 Nf6 10. Qh4 Bd6 11. f5 Bd7 12. Be3 c5 13. Nd2 b5 14. c4 Bc6 15. h3 b4 16. Qf2 Ba4 17. b3 Bd7 18. a3 Qb6 19. Qg3 Kf8 20. a4 Bc6 21. Qf3 Rd8 22. Bc2 h6 23. g4 Qb7 24. Rae1 Nh7 25. h4 Be7 26. Qg3 f6 27. Re2 Ke8 28. Rff2 Kd7 29. Rf1 Kc8 30. Qf2 Qa7 31. Nf3 Nf8 32. h5 Nd7 33. Nd2 a5 34. Nf3 Rhe8 35. Rd1 Nf8 36. Rxd8+ 1/2-1/2

[Event "POL-chT 2nd League"]
[Site "Jastrzebia Gora"]
[Date "2019.09.10"]
[Round "4.5"]
[White "Dmochowska, Agnieszka"]
[Black "Fraczek, Weronika"]
[Result "0-1"]
[WhiteElo "2110"]
[BlackElo "1875"]
[PlyCount "62"]
[EventDate "2019.09.07"]
[EventType "team-swiss"]
[EventRounds "9"]
[EventCountry "POL"]
[SourceTitle "EXT 2020"]
[Source "ChessBase"]
[SourceDate "2019.10.17"]
[SourceVersion "1"]
[SourceVersionDate "2019.10.17"]
[SourceQuality "1"]
[WhiteTeam "Wroclaw Polonia"]
[BlackTeam "Lublin LKSz"]
[WhiteTeamCountry "POL"]
[BlackTeamCountry "POL"]

1. e4 e5 2. Bc4 Nc6 3. Nf3 Bc5 4. d3 Nf6 5. 0-0 d6 6. c3 Bg4 7. Nbd2 a6 8. h3 Bh5 9. Re1 h6 10. Nf1 g5 11. Ng3 Bg6 12. d4 Ba7 13. Bd5 exd4 14. Bxc6+ bxc6 15. e5 dxe5 16. Nxe5 0-0 17. Nxc6 Qd6 18. Ne7+ Kh7 19. Ngf5 Qd7 20. Qf3 Ng8 21. h4 Nxe7 22. Nxe7 Rae8 23. h5 Rxe7 24. hxg6+ fxg6 25. Rxe7+ Qxe7 26. Qb7 Qe1+ 27. Kh2 Bb6 28. cxd4 Qxf2 29. Qe4 Bxd4 30. Bd2 Qxd2 31. Qe7+ Bg7 0-1

[Event "Rubinstein Memorial-A 54th"]
[Site "Polanica Zdroj"]
[Date "2018.08.25"]
[Round "8"]
[White "Fraczek, Weronika"]
[Black "Szylko, Waldemar"]
[Result "1/2-1/2"]
[WhiteElo "1844"]
[BlackElo "1956"]
[PlyCount "70"]
[EventDate "2018.08.18"]
[EventType "swiss"]
[EventRounds "9"]
[EventCountry "POL"]
[SourceTitle "CBM 186 Extra"]
[Source "ChessBase"]
[SourceDate "2018.08.24"]
[SourceVersion "1"]
[SourceVersionDate "2018.08.24"]
[SourceQuality "1"]

1. e4 c6 2. d4 d5 3. Nc3 dxe4 4. Nxe4 Bf5 5. Ng3 Bg6 6. Nf3 e6 7. Bd3 Bxd3 8. Qxd3 Nd7 9. Bf4 Ne7 10. Ne4 Nc8 11. Neg5 h6 12. Ne4 Nf6 13. Nxf6+ gxf6 14. 0-0-0 Bd6 15. Bxd6 Qxd6 16. Rhe1 Ne7 17. g3 0-0-0 18. Qb3 Ng6 19. c3 Kb8 20. Nd2 Qd5 21. Qxd5 cxd5 22. h4 h5 23. Re3 Ne7 24. Nb3 b6 25. Rde1 Kb7 26. Rf3 Rh6 27. Kd2 Nc8 28. Kc2 Nd6 29. Nd2 Rc8 30. Kb3 Rg6 31. Rf4 Kc7 32. Rf3 Kd7 33. Nf1 Ne4 34. Re2 f5 35. Ne3 Rgg8 1/2-1/2

[Event "Rubinstein Memorial-A 54th"]
[Site "Polanica Zdroj"]
[Date "2018.08.22"]
[Round "5"]
[White "Fraczek, Weronika"]
[Black "Kejna, Piotr"]
[Result "1-0"]
[WhiteElo "1844"]
[BlackElo "1655"]
[PlyCount "89"]
[EventDate "2018.08.18"]
[EventType "swiss"]
[EventRounds "9"]
[EventCountry "POL"]
[SourceTitle "CBM 186 Extra"]
[Source "ChessBase"]
[SourceDate "2018.08.24"]
[SourceVersion "1"]
[SourceVersionDate "2018.08.24"]
[SourceQuality "1"]

1. e4 e6 2. d4 c5 3. Nf3 cxd4 4. Nxd4 Bc5 5. Nb3 Bb6 6. Nc3 Ne7 7. Qg4 0-0 8. Bd3 f5 9. exf5 Nxf5 10. 0-0 d5 11. Bf4 Nc6 12. Rae1 Qf6 13. Bxf5 Qxf5 14. Qxf5 Rxf5 15. Bd6 d4 16. Na4 e5 17. Nxb6 axb6 18. a3 Be6 19. Nd2 b5 20. f4 Re8 21. fxe5 g6 22. Ne4 Kg7 23. Nc5 Rxf1+ 24. Kxf1 Bf5 25. Nd3 Bxd3+ 26. cxd3 Kf7 27. Kf2 Ke6 28. Rc1 Nxe5 29. Bxe5 Rf8+ 30. Ke2 Kxe5 31. Rc7 b6 32. Rxh7 Rf6 33. Re7+ Kd5 34. Re4 Rf5 35. h4 Rf7 36. Rg4 Rf6 37. g3 Kc5 38. Rg5+ Kc6 39. Re5 b4 40. axb4 Rd6 41. Kf3 Rf6+ 42. Ke4 Kd6 43. Rg5 b5 44. g4 Kc6 45. Rd5 1-0

[Event "Rubinstein Memorial-A 54th"]
[Site "Polanica Zdroj"]
[Date "2018.08.18"]
[Round "1"]
[White "Fraczek, Weronika"]
[Black "Dzikowski, Michal"]
[Result "0-1"]
[WhiteElo "1844"]
[BlackElo "2155"]
[PlyCount "92"]
[EventDate "2018.08.18"]
[EventType "swiss"]
[EventRounds "9"]
[EventCountry "POL"]
[SourceTitle "CBM 186 Extra"]
[Source "ChessBase"]
[SourceDate "2018.08.24"]
[SourceVersion "1"]
[SourceVersionDate "2018.08.24"]
[SourceQuality "1"]

1. e4 c6 2. Nf3 d5 3. Nc3 Bg4 4. h3 Bxf3 5. Qxf3 e6 6. d3 Nf6 7. Bd2 Qb6 8. Nd1 Nbd7 9. Be2 Bd6 10. exd5 cxd5 11. c3 Qc7 12. g4 Ne5 13. Qg2 Ng6 14. h4 Nf4 15. Bxf4 Bxf4 16. g5 Nd7 17. d4 0-0 18. h5 Rae8 19. Ne3 Nb6 20. Kf1 f6 21. g6 h6 22. a4 a5 23. Bb5 Rd8 24. Qg4 f5 25. Qh3 Rf6 26. Ng2 Bd6 27. Qd3 f4 28. f3 Nc4 29. b3 Ne3+ 30. Kf2 Nf5 31. Rae1 e5 32. Rc1 Ng3 33. Rhe1 e4 34. fxe4 dxe4 35. Qc4+ Qxc4 36. Bxc4+ Kf8 37. Bd5 e3+ 38. Kf3 Nxh5 39. Bf7 Rf5 40. Rg1 Rg5 41. Nh4 Ba3 42. Rcd1 Rxg1 43. Rxg1 Bb2 44. Ng2 Bxc3 45. Nxf4 Nxf4 46. Kxf4 e2 0-1

[Event "POL-ch rapid"]
[Site "Zgierz"]
[Date "2018.03.04"]
[Round "4"]
[White "Mazurkiewicz, Michal"]
[Black "Fraczek, Weronika"]
[Result "1-0"]
[WhiteElo "2215"]
[BlackElo "1828"]
[PlyCount "95"]
[EventDate "2018.03.04"]
[EventType "swiss (rapid)"]
[EventRounds "9"]
[EventCountry "POL"]
[SourceTitle "CBM 183 Extra"]
[Source "ChessBase"]
[SourceDate "2018.04.19"]
[SourceVersion "1"]
[SourceVersionDate "2018.04.19"]
[SourceQuality "1"]

1. e4 e6 2. d3 d5 3. Nd2 Nf6 4. g3 c5 5. Bg2 Nc6 6. Ngf3 Be7 7. 0-0 0-0 8. e5 Nd7 9. Re1 Qc7 10. Qe2 b5 11. c3 a5 12. h4 Nb6 13. Nf1 b4 14. N1h2 Ba6 15. Bf4 Na4 16. Qc2 Nb6 17. Rad1 Bb5 18. Qd2 Rad8 19. Ng4 bxc3 20. bxc3 d4 21. c4 Ba4 22. Rc1 Nd7 23. Ng5 Rb8 24. Ne4 Rb4 25. Qe2 Rfb8 26. Ngf6+ Kf8 27. Qh5 h6 28. Bxh6 Bxf6 29. exf6 gxh6 30. Qxh6+ Ke8 31. Qh8+ Nf8 32. Nxc5 Nd8 33. Na6 Qd6 34. Nxb8 Rxb8 35. c5 Qc7 36. Rb1 Rb4 37. a3 Rb3 38. Rxb3 Bxb3 39. Rc1 Nc6 40. Qh6 a4 41. h5 Ne5 42. Qf4 Kd7 43. Qxd4+ Kc8 44. f4 Ned7 45. c6 Nb6 46. Qc5 Qd8 47. c7 Qxd3 48. Qxf8+ 1-0